Statistics for Random Acronyms Quiz #1

Click here to take the quiz!

General Stats

  • This quiz has been taken 53,242 times
    (42,388 since last reset)
  • The average score is 49 of 67

Answer Stats

AcronymPhrase% Correct
GOATof
99%
POTUSof
99%
LOTRof
99%
CODof
99%
DOBof
99%
POTUSthe
94%
LOTRthe
94%
LAPDDepartment
93%
LAPDPolice
93%
LAPDLos
92%
LAPDAngeles
91%
EREmergency
90%
EUEuropean
90%
EUUnion
90%
ATMMachine
89%
LOTRLord
88%
LOTRRings
88%
ATMAutomated
87%
ERRoom
86%
DOBBirth
85%
DOBDate
85%
MLBLeague
84%
POTUSUnited
84%
MLBBaseball
83%
NYSENew
83%
POTUSStates
83%
CODCall
81%
CODDuty
81%
MLBMajor
81%
NYSEYork
81%
HRHRoyal
79%
BYUUniversity
79%
POTUSPresident
78%
FDRRoosevelt
77%
FDRFranklin
76%
HRHHer
75%
PTATeacher
74%
PTAParent
73%
HRHHighness
72%
PTAAssociation
70%
CODon
70%
DOAon
70%
NYSEStock
70%
NYSEExchange
69%
GOATAll
66%
IRAIrish
66%
IRSService
65%
GOATTime
65%
IRSRevenue
64%
ATMTeller
63%
DOADead
62%
GOATGreatest
62%
DOAArrival
61%
VINVehicle
61%
IRAArmy
60%
FDRDelano
59%
IRSInternal
57%
VINNumber
54%
IRARepublican
54%
VINIdentification
49%
CODDelivery
48%
BYUYoung
48%
BYUBrigham
44%
CODCash
38%
OEDDictionary
24%
OEDEnglish
24%
OEDOxford
24%

Score Distribution

Percentile by Number Answered

Percent of People with Each Score

Your Score History

You have not taken this quiz since the last reset